[Event "PGMA Cup 2nd"]
[Site "Manila"]
[Date "2007.11.26"]
[Round "7"]
[White "So, Wesley"]
[Black "Li, Chao B"]
[Result "0-1"]
[WhiteElo "2531"]
[BlackElo "2548"]
[PlyCount "82"]
[EventDate "2007.11.22"]
[EventType "swiss"]
[EventRounds "9"]
[EventCountry "PHI"]
[SourceTitle "EXT 2009"]
[Source "ChessBase"]
[SourceDate "2008.11.26"]
[SourceVersion "1"]
[SourceVersionDate "2008.11.26"]
[SourceQuality "1"]

1. e4 c5 2. Nf3 d6 3. d4 cxd4 4. Nxd4 Nf6 5. Nc3 g6 6. Be3 Bg7 7. f3 Nc6 8. Qd2
O-O 9. Bc4 a5 10. h4 Ne5 11. Be2 d5 12. Ndb5 Be6 13. Bf4 Nh5 14. exd5 Nxf4 15.
Qxf4 Bxd5 16. O-O-O e6 17. h5 Rc8 18. hxg6 Nxg6 19. Qh2 h6 20. Nxd5 exd5 21.
Kb1 Qb6 22. Rxd5 Qe3 23. g3 Rce8 24. Bc4 Ne5 25. Bb3 a4 26. Bxa4 Nxf3 27. Qh5
Nd2+ 28. Ka1 Nc4 29. Bb3 Nxb2 30. c3 Nd3 31. Rd1 Nf2 32. Rf1 Rc8 33. Kb1 Ne4
34. Rxf7 Rxf7 35. Qxf7+ Kh8 36. Qd7 Nxc3+ 37. Kc2 Rf8 38. Rd2 Nxb5 39. Qxb5
Qc3+ 40. Kd1 Qa1+ 41. Kc2 Qb2+ 0-1

[Event "PGMA Cup 2nd"]
[Site "Manila"]
[Date "2007.11.27"]
[Round "8"]
[White "Nadera, Barlo A"]
[Black "So, Wesley"]
[Result "1/2-1/2"]
[WhiteElo "2412"]
[BlackElo "2531"]
[PlyCount "76"]
[EventDate "2007.11.22"]
[EventType "swiss"]
[EventRounds "9"]
[EventCountry "PHI"]
[SourceTitle "EXT 2009"]
[Source "ChessBase"]
[SourceDate "2008.11.26"]
[SourceVersion "1"]
[SourceVersionDate "2008.11.26"]
[SourceQuality "1"]

1. d4 Nf6 2. c4 e6 3. a3 d5 4. Nf3 Be7 5. Bg5 h6 6. Bh4 O-O 7. Nc3 b6 8. e3 Bb7
9. Qc2 Nbd7 10. Rd1 c5 11. dxc5 Nxc5 12. Be2 Nfe4 13. Nxe4 Nxe4 14. Bxe7 Qxe7
15. cxd5 Bxd5 16. O-O Rac8 17. Qb1 Ng5 18. Nd4 Rfd8 19. f3 e5 20. Nf5 Qf6 21.
Ng3 Qe7 22. Nf5 Qf8 23. Ba6 Rb8 24. Be2 b5 25. b4 g6 26. Ng3 Qe7 27. Qb2 h5 28.
Nh1 a6 29. Nf2 f6 30. Rd2 Kg7 31. Rfd1 Bf7 32. h4 Ne6 33. Ne4 Rxd2 34. Rxd2 Rd8
35. g3 Be8 36. Qc3 Rxd2 37. Nxd2 Qb7 38. Kf2 Bc6 1/2-1/2

[Event "PGMA Cup 2nd"]
[Site "Manila"]
[Date "2007.11.28"]
[Round "9"]
[White "So, Wesley"]
[Black "Senador, Emmanuel"]
[Result "1/2-1/2"]
[WhiteElo "2531"]
[BlackElo "2356"]
[PlyCount "63"]
[EventDate "2007.11.22"]
[EventType "swiss"]
[EventRounds "9"]
[EventCountry "PHI"]
[SourceTitle "EXT 2009"]
[Source "ChessBase"]
[SourceDate "2008.11.26"]
[SourceVersion "1"]
[SourceVersionDate "2008.11.26"]
[SourceQuality "1"]

1. e4 c5 2. Nf3 g6 3. d4 cxd4 4. Nxd4 Bg7 5. c4 Nc6 6. Be3 Nf6 7. Nc3 O-O 8.
Be2 d6 9. O-O Nxd4 10. Bxd4 Be6 11. Qd2 Qa5 12. Rad1 Rfc8 13. b3 Ne8 14. f4
Bxd4+ 15. Qxd4 Nf6 16. f5 Bd7 17. b4 Qb6 18. Qxb6 axb6 19. fxg6 hxg6 20. e5 Ra3
21. exf6 Rxc3 22. fxe7 Re8 23. Rxd6 Rxe7 24. Bf3 Bc6 25. Bxc6 bxc6 26. Rxc6 Rc2
27. Kh1 Ra7 28. h3 Raxa2 29. Rg1 Rab2 30. b5 Kg7 31. Kh2 Kh6 32. Rxb6 1/2-1/2

[Event "Manila Pichay Cup 3rd"]
[Site "Manila"]
[Date "2007.12.02"]
[Round "2"]
[White "Nolte, Rolando"]
[Black "So, Wesley"]
[Result "0-1"]
[WhiteElo "2402"]
[BlackElo "2531"]
[PlyCount "68"]
[EventDate "2007.12.01"]
[EventType "swiss"]
[EventRounds "9"]
[EventCountry "PHI"]
[SourceTitle "CBM 122 Extra"]
[Source "ChessBase"]
[SourceDate "2008.03.04"]
[SourceVersion "1"]
[SourceVersionDate "2008.03.04"]
[SourceQuality "1"]

1. e4 c5 2. Nf3 Nc6 3. Bb5 e6 4. O-O Nge7 5. Re1 Nd4 6. Bf1 Nec6 7. c3 Nxf3+ 8.
Qxf3 Be7 9. d3 O-O 10. Qg3 d5 11. Bh6 Bf6 12. Nd2 d4 13. cxd4 Nxd4 14. Rac1 Kh8
15. Bf4 b6 16. Nc4 Ba6 17. Nd6 Qd7 18. b3 Rad8 19. Nc4 Nc6 20. e5 Be7 21. Bd2
Nd4 22. Bc3 Bb7 23. Nd2 f5 24. exf6 Rxf6 25. Ne4 Rg6 26. Qe3 Nf5 27. Qh3 Rf8
28. g3 Nh4 29. Re3 Nf3+ 30. Rxf3 Rxf3 31. Be2 Rxd3 32. Bxd3 Qxd3 33. Nd2 Bg5
34. Qf1 Qd5 0-1

[Event "Manila Pichay Cup 3rd"]
[Site "Manila"]
[Date "2007.12.02"]
[Round "3"]
[White "So, Wesley"]
[Black "Li, Ruofan"]
[Result "1-0"]
[WhiteElo "2531"]
[BlackElo "2417"]
[PlyCount "89"]
[EventDate "2007.12.01"]
[EventType "swiss"]
[EventRounds "9"]
[EventCountry "PHI"]
[SourceTitle "CBM 122 Extra"]
[Source "ChessBase"]
[SourceDate "2008.03.04"]
[SourceVersion "1"]
[SourceVersionDate "2008.03.04"]
[SourceQuality "1"]

1. e4 e5 2. Bc4 Nf6 3. d3 Nc6 4. Nc3 Bb4 5. Nge2 d5 6. exd5 Nxd5 7. O-O Nb6 8.
Bb3 O-O 9. a3 Bxc3 10. bxc3 Nd5 11. c4 Nde7 12. Bb2 Nf5 13. Qd2 Ncd4 14. Nxd4
exd4 15. c5 Be6 16. Qf4 Qd7 17. Rae1 Rad8 18. Bxe6 fxe6 19. Qe4 Rfe8 20. g4 Ne7
21. Qxe6+ Qxe6 22. Rxe6 Nc6 23. Re4 Rxe4 24. dxe4 Re8 25. f3 Re5 26. Rd1 Rxc5
27. Bxd4 Rxc2 28. Bf2 Rc3 29. Kg2 Rxa3 30. f4 Ra4 31. Kf3 Ra3+ 32. Be3 Rc3 33.
e5 a5 34. e6 Kf8 35. f5 Ne5+ 36. Kf4 Nxg4 37. Rd8+ Ke7 38. Rd7+ Ke8 39. Bd4 Rc4
40. Kxg4 c5 41. Rxg7 cxd4 42. f6 d3+ 43. Kf3 Kd8 44. e7+ Kd7 45. Rg8 1-0

[Event "Manila Pichay Cup 3rd"]
[Site "Manila"]
[Date "2007.12.04"]
[Round "5"]
[White "So, Wesley"]
[Black "Ni, Hua"]
[Result "1/2-1/2"]
[WhiteElo "2531"]
[BlackElo "2641"]
[PlyCount "22"]
[EventDate "2007.12.01"]
[EventType "swiss"]
[EventRounds "9"]
[EventCountry "PHI"]
[SourceTitle "CBM 122 Extra"]
[Source "ChessBase"]
[SourceDate "2008.03.04"]
[SourceVersion "1"]
[SourceVersionDate "2008.03.04"]
[SourceQuality "1"]

1. e4 e6 2. d4 d5 3. Nc3 Nf6 4. e5 Nfd7 5. f4 c5 6. Nf3 Nc6 7. Be3 cxd4 8. Nxd4
Bc5 9. Qd2 O-O 10. O-O-O a6 11. Nb3 b6 1/2-1/2

[Event "Manila Pichay Cup 3rd"]
[Site "Manila"]
[Date "2007.12.04"]
[Round "6"]
[White "Paragua, Mark"]
[Black "So, Wesley"]
[Result "1/2-1/2"]
[WhiteElo "2514"]
[BlackElo "2531"]
[PlyCount "120"]
[EventDate "2007.12.01"]
[EventType "swiss"]
[EventRounds "9"]
[EventCountry "PHI"]
[SourceTitle "CBM 122 Extra"]
[Source "ChessBase"]
[SourceDate "2008.03.04"]
[SourceVersion "1"]
[SourceVersionDate "2008.03.04"]
[SourceQuality "1"]

1. d4 Nf6 2. c4 e6 3. Nf3 b6 4. g3 Ba6 5. Qb3 Nc6 6. Nbd2 d5 7. Bg2 Bd6 8. Qa4
Bb7 9. cxd5 exd5 10. Nc4 dxc4 11. Ne5 Bxe5 12. Bxc6+ Bxc6 13. Qxc6+ Kf8 14.
dxe5 Qd5 15. Qxd5 Nxd5 16. Bd2 c5 17. Rc1 b5 18. O-O Nb6 19. b4 Ke7 20. bxc5
Nd7 21. a4 a6 22. Rb1 Rhb8 23. f4 Nxc5 24. Bb4 Rc8 25. axb5 axb5 26. Rfd1 Ke8
27. Rd5 Ne4 28. f5 c3 29. Rc1 Ra2 30. Rxb5 c2 31. f6 gxf6 32. exf6 Nc3 33. Re5+
Kd8 34. Kf2 Rb2 35. Bxc3 Rxc3 36. Ke1 Rc6 37. Rd5+ Ke8 38. Kd2 Rxf6 39. Rxc2
Rxc2+ 40. Kxc2 Rf2 41. Rh5 Rxe2+ 42. Kd3 Ra2 43. Rxh7 Kf8 44. Ke3 Kg8 45. Rh4
Ra3+ 46. Kf2 Kg7 47. Rg4+ Kf8 48. h4 f6 49. Kg2 Kf7 50. Kh3 Ra5 51. Rf4 Kg6 52.
Kg4 f5+ 53. Kh3 Ra2 54. Rc4 Ra6 55. Kg2 Kf6 56. Kf3 Ke5 57. h5 Ra3+ 58. Kg2 Kf6
59. h6 Ra7 60. Rh4 Rh7 1/2-1/2

[Event "Manila Pichay Cup 3rd"]
[Site "Manila"]
[Date "2007.12.06"]
[Round "8"]
[White "Antonio, Rogelio Jr"]
[Black "So, Wesley"]
[Result "1/2-1/2"]
[WhiteElo "2540"]
[BlackElo "2531"]
[PlyCount "32"]
[EventDate "2007.12.01"]
[EventType "swiss"]
[EventRounds "9"]
[EventCountry "PHI"]
[SourceTitle "CBM 122 Extra"]
[Source "ChessBase"]
[SourceDate "2008.03.04"]
[SourceVersion "1"]
[SourceVersionDate "2008.03.04"]
[SourceQuality "1"]

1. e4 d5 2. exd5 Qxd5 3. Nc3 Qa5 4. d4 Nf6 5. Nf3 c6 6. Bc4 Bg4 7. h3 Bxf3 8.
Qxf3 e6 9. O-O Nbd7 10. Ne4 Nxe4 11. Qxe4 Nf6 12. Qe2 Be7 13. c3 O-O 14. Bf4
Rad8 15. Rfd1 Bd6 16. Bxd6 Rxd6 1/2-1/2

[Event "Manila Pichay Cup 3rd"]
[Site "Manila"]
[Date "2007.12.07"]
[Round "9"]
[White "So, Wesley"]
[Black "Ghaem Maghami, Ehsan"]
[Result "1/2-1/2"]
[WhiteElo "2531"]
[BlackElo "2591"]
[PlyCount "37"]
[EventDate "2007.12.01"]
[EventType "swiss"]
[EventRounds "9"]
[EventCountry "PHI"]
[SourceTitle "CBM 122 Extra"]
[Source "ChessBase"]
[SourceDate "2008.03.04"]
[SourceVersion "1"]
[SourceVersionDate "2008.03.04"]
[SourceQuality "1"]

1. e4 c5 2. Nf3 d6 3. d4 cxd4 4. Nxd4 Nf6 5. Nc3 a6 6. f4 e5 7. Nf3 Nbd7 8. a4
Be7 9. Bd3 O-O 10. O-O exf4 11. Kh1 Nh5 12. Nd4 Ndf6 13. Be2 g6 14. Bxh5 Nxh5
15. Nd5 Re8 16. Bxf4 Nxf4 17. Nxe7+ Rxe7 18. Rxf4 Qb6 19. b3 1/2-1/2

[Event "ASEAN Masters Circuit GM-A"]
[Site "Tarakan"]
[Date "2008.01.09"]
[Round "2"]
[White "Kosasih, Cecep"]
[Black "So, Wesley"]
[Result "1/2-1/2"]
[WhiteElo "2408"]
[BlackElo "2526"]
[PlyCount "93"]
[EventDate "2008.01.08"]
[EventType "tourn"]
[EventRounds "11"]
[EventCountry "INA"]
[EventCategory "8"]
[SourceTitle "CBM 122 Extra"]
[Source "ChessBase"]
[SourceDate "2008.03.04"]
[SourceVersion "1"]
[SourceVersionDate "2008.03.04"]
[SourceQuality "1"]

1. e4 c5 2. Nf3 Nc6 3. d4 cxd4 4. Nxd4 Nf6 5. Nc3 e5 6. Nxc6 bxc6 7. Bd3 Bb4 8.
O-O O-O 9. f4 d5 10. fxe5 Ng4 11. Bf4 Bxc3 12. bxc3 Qb6+ 13. Kh1 Nf2+ 14. Rxf2
Qxf2 15. Bg3 Qc5 16. exd5 Qxd5 17. Qe2 Be6 18. h3 f5 19. exf6 Rxf6 20. Kh2 Raf8
21. a4 Kh8 22. Rd1 Qg5 23. Qe5 Qxe5 24. Bxe5 R6f7 25. Rb1 Bf5 26. a5 h6 27. a6
Bxd3 28. cxd3 c5 29. Rb7 Kg8 30. d4 Re8 31. h4 h5 32. g4 hxg4 33. Kg3 Re6 34.
Rb8+ Rf8 35. Rb7 Rf7 36. Rb8+ Kh7 37. Rb7 Ree7 38. Rb5 cxd4 39. cxd4 Re6 40.
Rb7 Kg8 41. Rb8+ Rf8 42. Rb7 Rg6 43. Rxa7 Rf3+ 44. Kg2 Ra3 45. h5 Raxa6 46.
Rxa6 Rxa6 47. Kg3 1/2-1/2

[Event "Manila op"]
[Site "Manila"]
[Date "2008.04.25"]
[Round "2"]
[White "So, Wesley"]
[Black "Antonio, Rogelio Jr"]
[Result "1-0"]
[WhiteElo "2540"]
[BlackElo "2529"]
[PlyCount "109"]
[EventDate "2008.04.03"]
[EventType "swiss"]
[EventRounds "9"]
[EventCountry "PHI"]
[SourceTitle "EXT 2010"]
[Source "ChessBase"]
[SourceDate "2010.11.25"]
[SourceVersion "1"]
[SourceVersionDate "2010.11.25"]
[SourceQuality "1"]

1. e4 c6 2. d4 d5 3. Nc3 dxe4 4. Nxe4 Bf5 5. Ng3 Bg6 6. h4 h6 7. Nf3 Nd7 8. h5
Bh7 9. Bd3 Bxd3 10. Qxd3 e6 11. Bf4 Qa5+ 12. Bd2 Qc7 13. O-O-O Ngf6 14. Ne4
O-O-O 15. g3 Nxe4 16. Qxe4 Nf6 17. Qe2 Bd6 18. c4 c5 19. Bc3 cxd4 20. Nxd4 a6
21. Kb1 Rd7 22. Rc1 Kb8 23. Nb3 Qc6 24. c5 Bc7 25. Rh4 Rhd8 26. Rc4 Rd3 27. Nd4
Qe4 28. Qxe4 Nxe4 29. Kc2 Nxf2 30. Rf1 Bxg3 31. c6 Rd6 32. Ne2 Nd1 33. Rxd1
Rxd1 34. Nxg3 b5 35. Rc5 Kc8 36. Ne4 R6d5 37. Bxg7 R1d2+ 38. Kb3 R2d3+ 39. Kb4
R3d4+ 40. Bxd4 Rxd4+ 41. Ka5 Rxe4 42. Kb6 f5 43. Rc3 e5 44. Rc5 f4 45. Rc1 Rc4
46. Rg1 Kd8 47. b3 Rc2 48. Rg7 Ke8 49. Rg6 Ke7 50. c7 Rxc7 51. Kxc7 f3 52. Rg3
e4 53. Rg4 Kf6 54. Rxe4 Kg5 55. Re5+ 1-0

[Event "PHI-ch"]
[Site "Manila"]
[Date "2008.07.03"]
[Round "4"]
[White "So, Wesley"]
[Black "Pascua, Haridas"]
[Result "1/2-1/2"]
[WhiteElo "2577"]
[BlackElo "2174"]
[PlyCount "78"]
[EventDate "2008.07.01"]
[EventType "tourn"]
[EventRounds "17"]
[EventCountry "PHI"]
[EventCategory "6"]
[SourceTitle "CBM 125 Extra"]
[Source "ChessBase"]
[SourceDate "2008.09.01"]
[SourceVersion "1"]
[SourceVersionDate "2008.09.01"]
[SourceQuality "1"]

1. e4 c5 2. Nf3 Nc6 3. d4 cxd4 4. Nxd4 Nf6 5. Nc3 e5 6. Ndb5 d6 7. Bg5 a6 8.
Na3 b5 9. Nd5 Be7 10. Bxf6 Bxf6 11. c4 b4 12. Nc2 a5 13. g3 O-O 14. h4 Be6 15.
Bh3 Rb8 16. Qd3 Qd7 17. Nxf6+ gxf6 18. Bg2 f5 19. Rd1 Rbd8 20. Qe3 f4 21. gxf4
f5 22. c5 Nd4 23. Nxd4 exd4 24. Qxd4 dxc5 25. Qxd7 Rxd7 26. Rxd7 Bxd7 27. Bh3
Be6 28. Rg1+ Kf7 29. Bxf5 Bxf5 30. exf5 Re8+ 31. Kd2 Re4 32. Rg4 h5 33. Rg6
Rxf4 34. Ke3 Rxh4 35. Ra6 Rc4 36. b3 Rc2 37. Rxa5 Kf6 38. Ke4 Re2+ 39. Kf3 Re5
1/2-1/2

[Event "PHI-ch"]
[Site "Manila"]
[Date "2008.07.05"]
[Round "6"]
[White "Villamayor, Buenaventura"]
[Black "So, Wesley"]
[Result "0-1"]
[WhiteElo "2469"]
[BlackElo "2577"]
[PlyCount "110"]
[EventDate "2008.07.01"]
[EventType "tourn"]
[EventRounds "17"]
[EventCountry "PHI"]
[EventCategory "6"]
[SourceTitle "CBM 125 Extra"]
[Source "ChessBase"]
[SourceDate "2008.09.01"]
[SourceVersion "1"]
[SourceVersionDate "2008.09.01"]
[SourceQuality "1"]

1. d4 Nf6 2. Nf3 e6 3. Bg5 c5 4. e3 b6 5. d5 h6 6. Bxf6 Qxf6 7. Nc3 Bb7 8. Bc4
a6 9. a4 d6 10. Qd3 e5 11. a5 Qd8 12. axb6 Qxb6 13. Ra3 Be7 14. O-O O-O 15.
Rfa1 Bc8 16. e4 Kh8 17. Rb3 Qc7 18. Qe2 f5 19. exf5 Bxf5 20. Ne4 Nd7 21. Nfd2
Nb6 22. Rba3 a5 23. b3 Bh7 24. R3a2 Bf6 25. Ra3 Be7 26. R1a2 Bg8 27. Nc3 Bg5
28. Ra1 a4 29. Nde4 axb3 30. Rxa8 Rxa8 31. Rxa8 Nxa8 32. Nxg5 bxc2 33. Qxc2
hxg5 34. Qg6 Bf7 35. Qxg5 Kg8 36. Bd3 Nb6 37. Be4 Kf8 38. g3 Qe7 39. Qc1 Nd7
40. Qb2 Qd8 41. Qb7 Nf6 42. Bf3 g6 43. Qa7 Qe7 44. Qb8+ Kg7 45. Ne4 Bxd5 46.
Nxf6 Bxf3 47. Ne8+ Kh7 48. Nxd6 e4 49. Nc4 Qd7 50. Qd6 Qxd6 51. Nxd6 Kh6 52.
Kf1 Kg5 53. Ke1 Kg4 54. Kd2 Kh3 55. Nb7 e3+ 0-1

[Event "PHI-ch"]
[Site "Manila"]
[Date "2008.07.07"]
[Round "9"]
[White "So, Wesley"]
[Black "Nadera, Barlo A"]
[Result "1-0"]
[WhiteElo "2577"]
[BlackElo "2401"]
[PlyCount "63"]
[EventDate "2008.07.01"]
[EventType "tourn"]
[EventRounds "17"]
[EventCountry "PHI"]
[EventCategory "6"]
[SourceTitle "CBM 125 Extra"]
[Source "ChessBase"]
[SourceDate "2008.09.01"]
[SourceVersion "1"]
[SourceVersionDate "2008.09.01"]
[SourceQuality "1"]

1. e4 e6 2. Nc3 d5 3. d4 Bb4 4. e5 c5 5. Qg4 Ne7 6. dxc5 Bxc3+ 7. bxc3 O-O 8.
Bd3 Nd7 9. Nf3 f5 10. exf6 Nxf6 11. Qh4 Qc7 12. O-O e5 13. Qg3 Nc6 14. Re1 Nh5
15. Qh4 g6 16. Bh6 e4 17. Bxf8 Kxf8 18. c4 exf3 19. cxd5 Qd8 20. Qe4 Bf5 21.
Qxf3 Nd4 22. Qe3 Qxd5 23. Qh6+ Ng7 24. Re7 Nde6 25. Re1 Qd4 26. R7xe6 Bxe6 27.
Rxe6 Qa1+ 28. Bf1 Rd8 29. Rd6 Re8 30. Qf4+ Nf5 31. Rd7 Qxa2 32. g4 1-0

[Event "PHI-ch"]
[Site "Manila"]
[Date "2008.07.13"]
[Round "17"]
[White "So, Wesley"]
[Black "Bancod, Ronald"]
[Result "1-0"]
[WhiteElo "2577"]
[BlackElo "2375"]
[PlyCount "55"]
[EventDate "2008.07.01"]
[EventType "tourn"]
[EventRounds "17"]
[EventCountry "PHI"]
[EventCategory "6"]
[SourceTitle "CBM 125 Extra"]
[Source "ChessBase"]
[SourceDate "2008.09.01"]
[SourceVersion "1"]
[SourceVersionDate "2008.09.01"]
[SourceQuality "1"]

1. e4 c6 2. d4 d5 3. Nc3 dxe4 4. Nxe4 Nf6 5. Nxf6+ gxf6 6. c3 Bf5 7. Nf3 e6 8.
g3 Nd7 9. Bg2 Be4 10. O-O Bg7 11. Re1 f5 12. Ng5 Nf6 13. Bxe4 fxe4 14. Nxe4 Qd5
15. c4 Qd7 16. Nc5 Qe7 17. Bg5 h6 18. Bh4 O-O-O 19. Ne4 h5 20. Qf3 Rh6 21. Rad1
Rg6 22. Kg2 Rd7 23. d5 cxd5 24. cxd5 Rxd5 25. Rxd5 exd5 26. Qc3+ Qc7 27. Nxf6
Qxc3 28. Re8+ 1-0

[Event "Wch U20"]
[Site "Gaziantep"]
[Date "2008.08.13"]
[Round "11"]
[White "Braun, Arik"]
[Black "So, Wesley"]
[Result "1-0"]
[WhiteElo "2533"]
[BlackElo "2577"]
[Annotator "Braun,A"]
[PlyCount "77"]
[EventDate "2008.08.03"]
[EventType "swiss"]
[EventRounds "13"]
[EventCountry "TUR"]
[SourceTitle "CBM 125 Extra"]
[Source "ChessBase"]
[SourceDate "2008.09.01"]
[SourceVersion "1"]
[SourceVersionDate "2008.09.01"]
[SourceQuality "1"]

1. d4 Nf6 2. c4 e6 3. Nc3 Bb4 4. Qc2 O-O 5. a3 Bxc3+ 6. Qxc3 b6 7. Bg5 Bb7 8.
f3 h6 9. Bh4 d5 10. e3 Nbd7 11. Nh3 {A rarely played move. Ein selten
gespielter Zug.} (11. cxd5 Nxd5 12. Bxd8 Nxc3 13. Bh4 Nd5 14. Bf2 c5 {is the
main line. ist die Hauptvariante.}) 11... c5 12. cxd5 Nxd5 ({Besser erscheint
mir} 12... cxd4 {appears better to me. After Nach} 13. Qxd4 e5 14. Qd1 Bxd5 {
Black has good chances of equalising. hat Schwarz gute Ausgleichschancen.}) 13.
Bxd8 Nxc3 14. Be7 Rfe8 15. Bh4 Nd5 16. Bb5 g5 17. Bf2 {Retains the bishop pair.
Bewahrt das Läuferpaar.} (17. Bxd7 Red8 18. Bf2 Rxd7 $11 {1-0 Khenkin,I
-Ulibin,M 1990}) 17... Red8 18. e4 N5f6 19. Be3 cxd4 20. Bxd4 {Up till this
point we were both playing quickly. Now my opponent thought for a long time.
Bis hierhin spielten wir beide schnell. Nun dachte mein Gegner längere Zeit
nach.} Rac8 ({In a previous game my opponent played In einer Vorgängerpartie
spielte mein Gegner} 20... Ne8 {and managed to draw. However, I think that
White ha a solid advantage in view of his bishop pair. und konnte Remis halten.
Ich denke jedoch, dass Weiß aufgrund seines Läuferpaars soliden Vorteil hat.}
21. Nf2 Nc5 22. Rd1 Nb3 23. Bc3 Rxd1+ 24. Kxd1 Rd8+ 25. Kc2 Nc7 26. Kxb3 Nxb5
27. Bf6 Rd2 28. h4 Nd4+ 29. Ka2 Rxf2 30. hxg5 Ba6 31. Bxd4 Bc4+ 32. Kb1 Rf1+
33. Rxf1 Bxf1 34. gxh6 Bxg2 35. Kc2 Kh7 36. Bg7 e5 37. Kd3 Bxf3 38. Ke3 Bd1 39.
Bxe5 {1/2-1/2 Sasikiran,K (2661)-So,W (2531)/Macau 2007/EXT 2008}) 21. Nf2 a6 (
21... Nh5 $2 22. Ng4 Kh7 23. h4 $40) 22. Be2 e5 (22... Nh5 $5 23. g3 f5 24. O-O
$14 f4 (24... Ndf6 25. Rad1) (24... b5 25. Rad1) 25. Kg2 e5 26. Bc3 Nhf6 27.
Rfd1 $36) 23. Bc3 Re8 (23... Nh5 24. g3) 24. O-O-O $1 {Brings the white king
over to the queenside, where it provides a reliable defence for the white
pawns. Black's position is already becoming very hard to play. Bringt den
weißen König zum Damenflügel, wo er zuverlässig die weißen Bauern deckt. Die
schwarze Stellung ist nun schon sehr schwer zu spielen.} Nc5 25. Kb1 Kg7 26.
Rd6 (26. Rhe1 $5) 26... Na4 (26... Bxe4+ $5 27. fxe4 Nfxe4 28. Nxe4 Nxe4 29.
Rd3 (29. Rxb6 Rxc3 30. bxc3 Nxc3+ 31. Kc2 Nxe2 32. Rxa6 $14) 29... Nf2 30. Re1
Nxd3 31. Bxd3 $16) (26... Rc6 27. Rhd1) 27. Bd2 Red8 28. Rxd8 Rxd8 29. Be3 Nc5
30. Rc1 Nfd7 (30... Ncd7 31. Rc7 $16) (30... Rc8 {Here I wanted to play Hier
wollte ich} 31. Bxc5 Rxc5 (31... bxc5 32. Nd1 $16) 32. Rxc5 bxc5 33. Kc2 $16 {
The white position is probably winning. spielen. Vermutlich ist die weiße
Stellung gewonnen.}) 31. Rd1 $1 $16 Rb8 ({After Auch nach} 31... Ne6 32. Bc4 {
too, Black's position is critical. ist die schwarze Stellung kritisch.}) 32.
Rd6 Bc8 33. Ng4 Ne6 {Now White wins a pawn and has a lasting intiative. Nun
gewinnt Weiß einen Bauern bei anhaltender Initiative.} ({After Auf} 33... h5 {
I was planning plante ich} 34. Nh6 Ne6 (34... f6 35. Nf5+ Kf8 36. Bxc5 $18) (
34... Nf6 35. Bxg5 Ncxe4 36. fxe4 Nxe4 37. Nxf7 $1 Bf5 38. Kc1 Kxf7 39. Bxh5+
Kg7 40. Rd8 $18) 35. Nf5+ $16) 34. Bxa6 $1 $18 Bxa6 35. Rxd7 Nf8 36. Rd6 Bf1
37. Nxe5 Bxg2 38. Bd4 Ne6 $2 {But in any case there was nothing more which
could be done to save Black's position. Die schwarze Stellung war aber ohnehin
nicht mehr zu retten.} 39. Rxe6 (39. Rxe6 fxe6 40. Nc6+ $18) 1-0

[Event "World ol U16 13th"]
[Site "Mersin"]
[Date "2008.08.23"]
[Round "8"]
[White "Zhou, Yang Fan"]
[Black "So, Wesley"]
[Result "0-1"]
[WhiteElo "2259"]
[BlackElo "2577"]
[PlyCount "82"]
[EventDate "2008.08.17"]
[EventType "team"]
[EventRounds "10"]
[EventCountry "TUR"]
[SourceTitle "CBM 126 Extra"]
[Source "ChessBase"]
[SourceDate "2008.11.05"]
[SourceVersion "1"]
[SourceVersionDate "2008.11.05"]
[SourceQuality "1"]

1. e4 c5 2. Nf3 Nc6 3. d4 cxd4 4. Nxd4 Nf6 5. Nc3 e5 6. Ndb5 d6 7. Bg5 a6 8.
Na3 b5 9. Nd5 Be7 10. Bxf6 Bxf6 11. c4 Bg5 12. cxb5 Nd4 13. Bd3 Rb8 14. b6 O-O
15. O-O Be6 16. Nc4 f5 17. Nc7 Bxc4 18. Bxc4+ Kh8 19. Nd5 fxe4 20. Qg4 Qc8 21.
Qxc8 Rfxc8 22. Bxa6 Rc5 23. Nc3 d5 24. a4 Rxb6 25. Bb5 Bd2 26. Ra3 Bxc3 27.
bxc3 Nxb5 28. axb5 h6 29. f3 exf3 30. gxf3 Rcxb5 31. Re1 Rb2 32. Ra4 Rc2 33.
Ra5 d4 34. cxd4 exd4 35. Rd1 Rbb2 36. Rd5 Rg2+ 37. Kh1 Rxh2+ 38. Kg1 Rbg2+ 39.
Kf1 Rf2+ 40. Kg1 Rhg2+ 41. Kh1 Rg3 0-1

[Event "World ol U16 13th"]
[Site "Mersin"]
[Date "2008.08.24"]
[Round "10"]
[White "Zeytinoglu, Nasir Ekin"]
[Black "So, Wesley"]
[Result "1/2-1/2"]
[WhiteElo "1883"]
[BlackElo "2577"]
[PlyCount "53"]
[EventDate "2008.08.17"]
[EventType "team"]
[EventRounds "10"]
[EventCountry "TUR"]
[SourceTitle "CBM 126 Extra"]
[Source "ChessBase"]
[SourceDate "2008.11.05"]
[SourceVersion "1"]
[SourceVersionDate "2008.11.05"]
[SourceQuality "1"]

1. e4 c5 2. Nf3 Nc6 3. d4 cxd4 4. Nxd4 Nf6 5. Nc3 e5 6. Ndb5 d6 7. Bg5 a6 8.
Na3 b5 9. Bxf6 gxf6 10. Nd5 f5 11. c3 Bg7 12. exf5 Bxf5 13. Nc2 Be6 14. g3 O-O
15. Bg2 f5 16. O-O a5 17. Nce3 Rb8 18. f4 e4 19. g4 Qd7 20. gxf5 Bxf5 21. Nxf5
Qxf5 22. Ne3 Qc5 23. Qd5+ Kh8 24. Qxc5 dxc5 25. Bxe4 Rfe8 26. Bxc6 Rxe3 27.
Rae1 1/2-1/2

[Event "Vung Tau Dragon Capital op"]
[Site "Vung Tau"]
[Date "2008.08.27"]
[Round "1"]
[White "So, Wesley"]
[Black "Le, Kieu Thien Kim"]
[Result "1-0"]
[WhiteElo "2577"]
[BlackElo "2286"]
[PlyCount "75"]
[EventDate "2008.08.27"]
[EventType "swiss"]
[EventRounds "9"]
[EventCountry "VIE"]
[SourceTitle "CBM 126 Extra"]
[Source "ChessBase"]
[SourceDate "2008.11.05"]
[SourceVersion "1"]
[SourceVersionDate "2008.11.05"]
[SourceQuality "1"]

1. e4 e5 2. Nf3 Nf6 3. Nxe5 d6 4. Nf3 Nxe4 5. d4 d5 6. Bd3 Nc6 7. O-O Be7 8. c4
Nb4 9. cxd5 Nxd3 10. Qxd3 Qxd5 11. Ne5 O-O 12. Re1 Nf6 13. Nc3 Qd8 14. d5 Re8
15. Bg5 h6 16. Bh4 Ng4 17. Bg3 Bd6 18. Nc4 Rxe1+ 19. Rxe1 Bxg3 20. Qxg3 Bd7 21.
Rd1 Nf6 22. Qf4 b5 23. Ne5 Qe7 24. d6 cxd6 25. Nxd7 Qxd7 26. Rxd6 Re8 27. h3
Qb7 28. a3 a5 29. Rd4 Rb8 30. Qe5 b4 31. axb4 axb4 32. Nd5 Nxd5 33. Rxd5 f6 34.
Qe6+ Kh7 35. Rd4 Qb5 36. Rd7 Qg5 37. Qd6 Rb6 38. Qxb6 1-0